| 000 | 00560pam a2200193 a 4500 | ||
|---|---|---|---|
| 001 | 579501 | ||
| 005 | 20250109095744.0 | ||
| 008 | 900501s1991 nyua b 001 0 eng | ||
| 020 | _a0070569924 | ||
| 050 | 0 | 0 |
_aJA66 _b.S47 1991 |
| 082 | 0 | 0 |
_a320 _220 |
| 100 | 1 |
_aShively, W. Phillips, _d1942- |
|
| 245 | 1 | 0 |
_aPower and choice : _ban introduction to political science / _cW. Phillips Shively. |
| 250 | _a2nd ed. | ||
| 260 |
_aNew York : _bMcGraw-Hill, _cc1991. |
||
| 300 |
_axvii, 342 p. : _bill ; _c24 cm. |
||
| 650 | 0 | _aPolitical science. | |
| 942 |
_2lcc _cBK _n0 |
||
| 999 |
_c2480 _d2480 |
||